Joueur d'échecs ayant eu plus de 2800 ELO - Statistiques

Statistiques générales
  • Ce quiz a été pris 1 012 fois
    968 depuis la dernière actualisation
  • Le résultat moyen est 7 sur 14
Statistiques - réponses
ELO maximum Joueur % Correct
2882 Magnus Carlsen
100%
2851 Garry Kasparov
84%
2816 Hikaru Nakamura
76%
2844 Fabiano Caruana
68%
2819 Maxime Vachier-Lagrave
66%
2816 Ding Liren
57%
2817 Viswanathan Anand
47%
2822 Wesley So
34%
2830 Levon Aronian
33%
2817 Vladimir Kramnik
33%
2816 Veselin Topalov
27%
2820 Shakhriyar Mamedyarov
23%
2803 Alireza Firouzja
18%
2810 Alexander Grischuk
15%
Aucun quiz correspondant
Distribution des résultats
% des personnes avec chaque résultat
Percentile par nombre de réponses
Votre historique - résultats
Vous n’avez pas pris ce quiz depuis la dernière actualisation